书目信息 |
| 题名: |
大规模储能系统优化规划与运行技术
|
|
| 作者: | 张澄 主编 | |
| 分册: | ||
| 出版信息: | 北京 中国电力出版社 2022.05 |
|
| 页数: | 251页 | |
| 开本: | 26cm | |
| 丛书名: | ||
| 单 册: | ||
| 中图分类: | TK02 | |
| 科图分类: | ||
| 主题词: | 储能--chu neng--系统--研究 | |
| 电子资源: | ||
| ISBN: | 978-7-5198-6658-7 | |
| 000 | 01034nam0 2200229 450 | |
| 001 | 011025152753 | |
| 005 | 20221025152753.0 | |
| 010 | @a978-7-5198-6658-7@dCNY96.00 | |
| 100 | @a20201004d2022 em y0chiy0120 ea | |
| 101 | 0 | @achi |
| 102 | @aCN@b110000 | |
| 105 | @ay z 001yy | |
| 106 | @ar | |
| 200 | 1 | @a大规模储能系统优化规划与运行技术@Ada gui mo chu neng xi tong you hua gui hua yu yun hang ji shu@f张澄主编 |
| 210 | @a北京@c中国电力出版社@d2022.05 | |
| 215 | @a251页@d26cm | |
| 300 | @a国家电网公司电力科技著作出版项目 | |
| 330 | @a本书介绍了规模化储能系统应用的理论研究成果和实际工程经验,共10章,分别为概述、与可再生能源发电联合的储能系统优化配置、电网侧储能规划与运行模拟模型与方法、频率支撑与黑启动服务储能优化配置、配电网侧储能优化配置、电化学储能电站模块化典型设计、规模化储能的调度控制技术、规模化储能的调度控制系统、电网侧储能示范运行、电网侧储能分析与展望。 | |
| 606 | 0 | @a储能@Achu neng@x系统@x研究 |
| 690 | @aTK02@v5 | |
| 701 | 0 | @a张澄@Azhang cheng@f(1957.12~)@4主编 |
| 905 | @a河南城建学院图书馆@dTK02@eZ082 | |
| 大规模储能系统优化规划与运行技术/张澄主编.-北京:中国电力出版社,2022.05 |
| 251页;26cm |
| 国家电网公司电力科技著作出版项目 |
| ISBN 978-7-5198-6658-7:CNY96.00 |
| 本书介绍了规模化储能系统应用的理论研究成果和实际工程经验,共10章,分别为概述、与可再生能源发电联合的储能系统优化配置、电网侧储能规划与运行模拟模型与方法、频率支撑与黑启动服务储能优化配置、配电网侧储能优化配置、电化学储能电站模块化典型设计、规模化储能的调度控制技术、规模化储能的调度控制系统、电网侧储能示范运行、电网侧储能分析与展望。 |
| ● |
| 相关链接 |
|
|
|
正题名:大规模储能系统优化规划与运行技术
索取号:TK02/Z082
 
预约/预借
| 序号 | 登录号 | 条形码 | 馆藏地/架位号 | 状态 | 备注 |
| 1 | 1585646 | 215856465 | 自科库501/501自科库 135排9列3层/ [索取号:TK02/Z082] | 在馆 | |
| 2 | 1585647 | 215856474 | 自科库501/501自科库 135排9列3层/ [索取号:TK02/Z082] | 在馆 |